000 01068cam a22003135i 4500
001 015987158
003 EG-ScBUE
005 20251221110221.0
008 111201t2012 enka f b 001 0 eng d
020 _a9781849733915 (pbk.)
040 _aEG-ScBUE
_beng
_erda
_cEG-ScBUE
_dEG-ScBUE
082 0 4 _a547.7
_222
_bNIC
100 1 _aNicholson, John W.,
_939014
_eauthor.
245 1 4 _aThe chemistry of polymers /
_cJohn W. Nicholson, School of Science, University of Greenwich, Chatham, Kent, UK.
250 _aFourth edition.
264 1 _aCambridge :
_bRoyal Society of Chemistry,
_c[2012]
264 4 _cc2012
300 _axiii, 184 pages :
_billustrations ;
_c23 cm
336 _2rdacontent
_atext
_btxt
337 _2rdamedia
_aunmediated
_bn
338 _2rdacarrier
_avolume
_bnc
500 _aPrevious edition : 2006.
504 _aIncludes bibliographical references and index.
650 7 _aPolymers.
_2BUEsh
_95875
650 7 _aPolymerization.
_2BUEsh
_96762
653 _bENGCHE
_cJuly2015
_cJanuary2016
655 _vReading book
942 _2ddc
_cBB
999 _c20286
_d20258